LEADER 02839nam 2200721 a 450 001 9910957034303321 005 20260119012929.0 010 $a0-8147-6438-X 024 7 $a10.18574/nyu/9780814764381 035 $a(CKB)1000000000000934 035 $a(EBL)2081597 035 $a(OCoLC)913695203 035 $a(SSID)ssj0000277302 035 $a(PQKBManifestationID)11225222 035 $a(PQKBTitleCode)TC0000277302 035 $a(PQKBWorkID)10233435 035 $a(PQKB)11180898 035 $a(MiAaPQ)EBC2081597 035 $a(Au-PeEL)EBL2081597 035 $a(CaPaEBR)ebr10032486 035 $a(MiAaPQ)EBC3025549 035 $a(Au-PeEL)EBL3025549 035 $a(DE-B1597)547029 035 $a(DE-B1597)9780814764381 035 $a(OCoLC)1162206851 035 $a(MdBmJHUP)musev2_135139 035 $a(EXLCZ)991000000000000934 100 $a20010718d2002 uy 0 101 0 $aeng 135 $aur|n|---||||| 181 $ctxt$2rdacontent 182 $cc$2rdamedia 183 $acr$2rdacarrier 200 10$aBeyond the Mountains of the Damned $ethe war inside Kosovo /$fMatthew McAllester 205 $a1st ed. 210 $aNew York $cNew York University Press$dc2002 215 $a1 online resource (ix, 227 pages, 8 unnumbered pages of plates) $cillustrations, map 300 $aDescription based upon print version of record. 311 0 $a0-8147-5661-1 311 0 $a0-8147-5660-3 320 $aIncludes bibliographical references (page 225). 327 $aCover Page; Title Page; Copyright Page; Dedication; Contents; Acknowledgments; Introduction; 1. One Town, Two Lives; 2. The Ghosts of Kula Pass; 3. Staying Behind; 4. The Serbian Canterbury; 5. The Friendly Lion and the KLA; 6. In the Trunk of a Gray BMW; 7. Coffee with Zejnepe; 8. Burning; 9. Agreements; 10. The Illyrian Wolves; 11. A Silent Town; 12. The Killing; 13. A White Plastic Bag in the Long Grass; 14. New Roofs, New Coffins; 15. The Butcher's Business; Bibliography; About the Author. 330 $aA journalist examines the war in Kosovo. PW Best Book of the Year - Nonfiction, 2002. 606 $aKosovo War, 1998-1999 606 $aKosovo War, 1998-1999$vPersonal narratives, Albanian 607 $aPeje? (Kosovo)$xHistory, Military$y20th century 608 $aRecits personnels. 608 $aPersonal narratives. 608 $aPersonal narratives$vAlbanian 608 $aMilitary history 608 $aHistory 608 $aElectronic books. 615 0$aKosovo War, 1998-1999. 615 0$aKosovo War, 1998-1999 676 $a949.7103 700 $aMcAllester$b Matthew$f1969-$01895349 801 0$bMiAaPQ 801 1$bMiAaPQ 801 2$bMiAaPQ 906 $aBOOK 912 $a9910957034303321 996 $aBeyond the Mountains of the Damned$94548098 997 $aUNINA